Memórias do cárcere II (Registo nº 76318)

Detalhes MARC
000 -Etiqueta do registo
campo de controlo de comprimento fixo 00278 a2200109 4500
001 - Identificador do registo
Campo de controlo 76318
005 - Identificador da versão
Campo de controlo 20260416141108.0
100 ## - Dados Gerais de Proc.
Dados gerais de processamento 20260416 pory50
200 ## - Título
Título próprio Memórias do cárcere II
Primeira menção de responsabilidade Camilo Castelo Branco
210 ## - Publicação, Distribuição
Nome do editor, distribuidor, etc. Publicações Europa-América
090 ## - Números de controlo do sistema (Koha)
Número biblioitem do Koha (gerado automaticamente) 76318
942 ## - Elementos de entrada adicionados (Koha)
Tipo de item no Koha Monografias

Não há exemplares disponíveis.